Economic Organizations and Corporate Governance in Japan:The Impact of Formal and Informal Rules (Record no. 1319117)

MARC details
000 -LEADER
fixed length control field 00684nam a2200217Ia 4500
005 - DATE AND TIME OF LATEST TRANSACTION
control field 20250507130336.0
008 - FIXED-LENGTH DATA ELEMENTS--GENERAL INFORMATION
fixed length control field 008 250505s9999 xx 000 0 eng d
020 ## - INTERNATIONAL STANDARD BOOK NUMBER
International Standard Book Number 9780199272112
037 ## - SOURCE OF ACQUISITION
Stock number Annuals, Advances
040 ## - CATALOGING SOURCE
Original cataloging agency EASL
Language of cataloging eng
Transcribing agency EASL
041 ## - LANGUAGE CODE
Language code of text/sound track or separate title eng
Source of code eng
084 ## - COLON CLASSIFICATION NUMBER
Classification number Z42,181, P4
Assigning agency EASL
100 ## - MAIN ENTRY--PERSONAL NAME
Personal name Milhaupt Curtis J. Au.
9 (RLIN) 665089
245 #0 - TITLE STATEMENT
Title Economic Organizations and Corporate Governance in Japan:The Impact of Formal and Informal Rules
260 ## - PUBLICATION, DISTRIBUTION, ETC.
Place of publication, distribution, etc. UK
Name of publisher, distributor, etc. Oxford Oxford University press
Date of publication, distribution, etc. 2004
300 ## - PHYSICAL DESCRIPTION
Extent x,250p.
490 ## - SERIES STATEMENT
Volume/sequential designation V.4
700 ## - ADDED ENTRY--PERSONAL NAME
Personal name West Mark D Au.
942 ## - ADDED ENTRY ELEMENTS (KOHA)
Koha item type Textual
Classification part Z42,181, P4

No items available.

Copyright @ Delhi University Library System